000 005240000a22001810004500
003 MACL
005 20160303132550.0
008 160303b xxu||||| |||| 00| 0 eng d
040 _aMACL
_cMACL
041 _aHindi
082 _a891.431
100 _aनवीन बालकृष्‍ण शर्मा
_941741
245 _aविनोबा-स्‍त्‍ावन
260 _bसाहित्‍य सदन
_aझाॅसी
350 _a1
650 _aPoetry
_942400
942 _cHIN
_k891.431
_2ddc
999 _c23689
_d23689